Valparaíso 1906. Centenario del terremoto de Valparaíso 1906-2006
Gardado en:
| Autor Corporativo: | |
|---|---|
| Formato: | Libro |
| Idioma: | Lingua castelá |
| Publicado: |
Valparaíso
Museo Naval y Marítimo
2006
|
| Subjects: | |
| Tags: |
Engadir etiqueta
Sen Etiquetas, Sexa o primeiro en etiquetar este rexistro!
|
MARC
| LEADER | 00000nam a2200000 a 4500 | ||
|---|---|---|---|
| 001 | UCG3458 | ||
| 003 | CL-VaPUC | ||
| 008 | 100826e20060000CL |||||||||||||||||spa|d | ||
| 082 | 0 | 4 | |a 983 |b MUS |2 21 |
| 110 | 2 | |a Museo Naval y Marítimo |e author |9 552619 | |
| 245 | 1 | 0 | |a Valparaíso 1906. Centenario del terremoto de Valparaíso 1906-2006 |
| 246 | 1 | 0 | |a Valparaíso 1906. Crónicas de una catástrofe anunciada |
| 300 | |a 40 p | ||
| 651 | 0 | |a Valparaíso, Chile |9 261144 | |
| 942 | |c BK | ||
| 945 | |d 20100826 00:00:00 |a mfarfan | ||
| 260 | |a Valparaíso |b Museo Naval y Marítimo |c 2006 | ||
| 600 | 0 | |a Montt, Jorge, |d 1845-1922 |9 377633 | |
| 650 | 7 | |a TERREMOTO DE 1906 |2 CL-VaPUC |9 266587 | |
| 650 | 0 | |a Iconografía |9 267998 | |
| 583 | |a last modification |c 20100826 00:00:00 |k Rodrigo Vera | ||
| 999 | |c 342525 |d 342523 | ||
| 952 | |0 0 |1 0 |4 0 |6 983_000000000000000_MUS_2006 |7 0 |8 C |9 438753 |a BIBCUR |b BIBCUR |d 2019-11-22 |i 4701399 |o 983 MUS 2006 |p 4701399 |r 2025-04-22 |w 2019-11-22 |y BK |k CAC | ||